| 000 | 00000nas 2200000za 4500 |
|---|---|
| 001 | 9.500827 |
| 003 | CaOODSP |
| 005 | 20231204095917 |
| 007 | cr ||||||||||| |
| 008 | 150406d20002000xxc|| p o||||f| |0fre|d |
| 022 | |a0840-1748 |
| 040 | |aCaOODSP|bfre |
| 043 | |an-cn--- |
| 086 | 1 |aR12-8F-PDF|zR12-8F-IN |
| 245 | 00|aTransition. |
| 264 | 1|aOttawa, Ontario : |bAffaires indiennes et du Nord |
| 310 | |aMensuel |
| 362 | 1 |aParaît depuis Janvier 2000; ne paraît plus après mars 2000. |
| 710 | 1 |aCanada.|bAffaires indiennes et du Nord, |eorganisme de publication. |
| 775 | 08|tTransition.|w(CaOODSP)9.504397 |